000 00518nmm a2200169Ia 4500
008 251105s9999||||xx |||||||||||||||||und||
041 _aspa
100 _aCarrol, Lewis
245 0 _aAlicia en el país de las maravillas
264 _a[Madrid, España] :
_bNordica Libros,
_c[Fecha de publicación no identificada]
300 _a0 páginas
650 _aEnglish Narrative
700 _aCarrol, Lewis
700 1 _a Gómez-Pintado, Marta
856 _uhttps://public.digitaliapublishing.com/a/88337
942 _cCF
999 _c63656
_d63656